[Event "Tata Steel India Blitz"]
[Site "Kolkata IND"]
[Date "2026.01.11"]
[Round "17.2"]
[White "Praggnanandhaa, R"]
[Black "Erigaisi, Arjun"]
[Result "1-0"]
[WhiteTitle "GM"]
[BlackTitle "GM"]
[WhiteElo "2758"]
[BlackElo "2775"]
[WhiteFideId "25059530"]
[BlackFideId "35009192"]
[EventDate "2026.01.10"]

1. Nf3 Nf6 2. c4 e6 3. b3 d5 4. Bb2 Bd6 5. g3 O-O 6. Bg2 b6 7. O-O Bb7 8. Nc3
Nbd7 9. d4 Ne4 10. Rc1 a6 11. e3 f5 12. Ne2 g5 13. Ne5 Qe7 14. Qc2 Nxe5 15. dxe5
Bc5 16. Bd4 Ba3 17. Bb2 Bc5 18. Bd4 Ba3 19. Rcd1 dxc4 20. Qxc4 Rad8 21. f3 b5
22. Qc2 Nc5 23. Qc3 Nd7 24. Qxc7 Bd5 25. Nc3 Ba8 26. Qa7 Nb8 27. Qxa8 Bb2 28.
Ne2 Qc7 29. Bxb2 Nc6 30. Qxa6 1-0

[Event "Tata Steel India Blitz"]
[Site "Kolkata IND"]
[Date "2026.01.11"]
[Round "17.3"]
[White "Murzin, Volodar"]
[Black "Nihal, Sarin"]
[Result "1-0"]
[WhiteTitle "GM"]
[BlackTitle "GM"]
[WhiteElo "2652"]
[BlackElo "2716"]
[WhiteFideId "44155573"]
[BlackFideId "25092340"]
[EventDate "2026.01.10"]

1. e4 c6 2. d4 d5 3. exd5 cxd5 4. Bd3 Nc6 5. c3 Qc7 6. h3 g6 7. Nf3 Nf6 8. O-O
Bf5 9. Be2 a6 10. Be3 h5 11. Nbd2 e6 12. Ne5 Bd6 13. f4 h4 14. Bf3 Nh5 15. Re1
f6 16. Nxc6 bxc6 17. Bxh5 gxh5 18. Qf3 Kf7 19. Qf2 Rag8 20. Qxh4 Be7 21. Kh1 Qb8
22. b3 Qf8 23. Bg1 Bd6 24. Bh2 Qg7 25. Qf2 Qg6 26. Re3 h4 27. Rae1 Rg7 28. Nf3
Qh5 29. Qe2 Be4 30. f5 Bxh2 31. fxe6+ Ke7 32. Kxh2 Rhg8 33. Rg1 Qf5 34. Nxh4
Qf4+ 35. g3 Qxh4 36. gxh4 Rxg1 37. Rxe4 dxe4 38. Qxe4 R8g3 39. Qxc6 Kf8 40. Qc8+
Kg7 41. Qc7+ Kh6 42. Qxg3 1-0

[Event "Tata Steel India Blitz"]
[Site "Kolkata IND"]
[Date "2026.01.11"]
[Round "17.4"]
[White "Wei, Yi"]
[Black "Aravindh, Chithambaram VR."]
[Result "1-0"]
[WhiteTitle "GM"]
[BlackTitle "GM"]
[WhiteElo "2754"]
[BlackElo "2700"]
[WhiteFideId "8603405"]
[BlackFideId "5072786"]
[EventDate "2026.01.10"]

1. d4 Nf6 2. c4 e6 3. Nf3 Bb4+ 4. Nbd2 O-O 5. a3 Be7 6. e4 d6 7. Bd3 e5 8. O-O
a5 9. b3 exd4 10. Nxd4 Nfd7 11. Bb2 Bf6 12. Qc2 Nc6 13. Nxc6 bxc6 14. e5 Bxe5
15. Bxh7+ Kh8 16. Be4 Qf6 17. Bxc6 Bxb2 18. Ne4 Qe5 19. Rad1 Nf6 20. f4 Qf5 21.
Qxb2 Ra6 22. Nxf6 Qxf6 23. Qxf6 gxf6 24. Bd5 Rb6 25. Rd3 Be6 26. f5 Bxd5 27.
Rh3+ Kg7 28. Rg3+ Kh6 29. Rf4 Kh5 30. cxd5 Rfb8 31. Rh3+ Kg5 32. g3 Rxb3 33. Rh7
Rb1+ 34. Kg2 R8b2+ 35. Kh3 Rh1 36. Rg4+ Kxf5 37. Rh5# 1-0

[Event "Tata Steel India Blitz"]
[Site "Kolkata IND"]
[Date "2026.01.11"]
[Round "17.5"]
[White "Niemann, Hans Moke"]
[Black "So, Wesley"]
[Result "1/2-1/2"]
[WhiteTitle "GM"]
[BlackTitle "GM"]
[WhiteElo "2725"]
[BlackElo "2753"]
[WhiteFideId "2093596"]
[BlackFideId "5202213"]
[EventDate "2026.01.10"]

1. e4 e5 2. Nf3 Nc6 3. Bb5 Nf6 4. O-O Nxe4 5. d4 Nd6 6. Bxc6 dxc6 7. dxe5 Nf5 8.
Qxd8+ Kxd8 9. h3 Ke8 10. Nc3 h5 11. Rd1 Be7 12. Ne2 Nh4 13. Nxh4 Bxh4 14. f3 Be7
15. g4 hxg4 16. hxg4 f5 17. exf6 Bxf6 18. Kg2 Kf7 19. c3 Be6 20. Bf4 Rad8 21.
Nd4 Bxd4 22. cxd4 Rd7 23. Be5 Bd5 24. Kg3 a5 25. a3 a4 26. Rh1 Re8 27. Rh7 Kg6
28. Rh5 c5 29. dxc5 Bc6 30. f4 Rd3+ 31. Kh4 Bg2 32. f5+ Kf7 33. Bc3 Re4 34. Rg1
Rh3+ 35. Kg5 Rxh5+ 36. Kxh5 Bf3 37. Kg5 Rc4 38. Rg3 Be2 39. Be5 Rxc5 40. Re3 Bd1
41. Re4 Rd5 42. Bc3 g6 43. Bf6 gxf5 44. Re7+ Kf8 45. gxf5 Bc2 46. Rxc7 Rxf5+ 47.
Kg4 Rxf6 48. Rxc2 Rb6 49. Re2 Kf7 50. Kf5 Rb3 51. Ke5 b5 52. Kd5 b4 53. axb4
Rxb4 54. Kc5 Rb3 55. Kc4 Kf6 1/2-1/2

[Event "Tata Steel India Blitz"]
[Site "Kolkata IND"]
[Date "2026.01.11"]
[Round "18.1"]
[White "Nihal, Sarin"]
[Black "Wei, Yi"]
[Result "1-0"]
[WhiteTitle "GM"]
[BlackTitle "GM"]
[WhiteElo "2716"]
[BlackElo "2754"]
[WhiteFideId "25092340"]
[BlackFideId "8603405"]
[EventDate "2026.01.10"]

1. d4 Nf6 2. Bf4 g6 3. Nc3 d5 4. e3 Bg7 5. h4 h5 6. Nf3 O-O 7. Ne5 c5 8. Qd2 Nc6
9. f3 Qa5 10. O-O-O Nd7 11. Kb1 cxd4 12. exd4 Ndxe5 13. dxe5 d4 14. Nb5 Qxd2 15.
Rxd2 Nxe5 16. Nxd4 Rd8 17. Be2 Bd7 18. Rhd1 Be8 19. Nb5 Rdc8 20. Nc3 Nc4 21.
Bxc4 Rxc4 22. Nd5 Kf8 23. b3 Rc6 24. Re1 e6 25. Nc7 Rc8 26. Nxe8 Kxe8 27. Be5
Bf8 28. Red1 Be7 29. g3 f6 30. Bd4 e5 31. Bf2 a6 32. c4 b5 33. cxb5 axb5 34. Re2
Ba3 35. Be3 Kf7 36. Rf1 Rc3 37. g4 Ke6 38. gxh5 gxh5 39. f4 e4 40. f5+ Kf7 41.
Rg1 Rd3 42. Bh6 Ke7 43. Rxe4+ Kd6 44. Re6+ Kd5 45. Rxf6 Rf3 46. Rf7 Rf2 47. Rd1+
Ke4 48. Bc1 Bb4 49. f6 Rcc2 50. Re7+ Kf5 51. Rb7 Kxf6 52. Rxb5 Bc3 53. Rc5 Ke6
54. Rc4 1-0

[Event "Tata Steel India Blitz"]
[Site "Kolkata IND"]
[Date "2026.01.11"]
[Round "18.2"]
[White "Aravindh, Chithambaram VR."]
[Black "Niemann, Hans Moke"]
[Result "0-1"]
[WhiteTitle "GM"]
[BlackTitle "GM"]
[WhiteElo "2700"]
[BlackElo "2725"]
[WhiteFideId "5072786"]
[BlackFideId "2093596"]
[EventDate "2026.01.10"]

1. e4 c5 2. Nf3 d6 3. d4 cxd4 4. Qxd4 Nf6 5. Nc3 Nc6 6. Bb5 Bd7 7. Bxc6 Bxc6 8.
Bg5 e6 9. O-O-O Be7 10. Rhe1 Qb6 11. Qxb6 axb6 12. a3 h6 13. Bxf6 Bxf6 14. Nd4
Be5 15. g3 g5 16. Nd5 exd5 17. exd5 Bd7 18. f4 f6 19. fxe5 fxe5 20. Rd3 O-O 21.
Ne6 Rf2 22. Rc3 Rc8 23. Rxc8+ Bxc8 24. Re3 Kf7 25. Rc3 Bxe6 26. Rc7+ Kf6 27.
dxe6 Kxe6 28. Rxb7 e4 29. Rxb6 e3 30. Kd1 Ke5 31. a4 Rd2+ 32. Ke1 Rxc2 33. Rb4
d5 34. a5 d4 35. Rb8 d3 36. Re8+ Kd4 37. Rd8+ Ke4 38. Re8+ Kf3 0-1

[Event "Tata Steel India Blitz"]
[Site "Kolkata IND"]
[Date "2026.01.11"]
[Round "18.3"]
[White "So, Wesley"]
[Black "Praggnanandhaa, R"]
[Result "0-1"]
[WhiteTitle "GM"]
[BlackTitle "GM"]
[WhiteElo "2753"]
[BlackElo "2758"]
[WhiteFideId "5202213"]
[BlackFideId "25059530"]
[EventDate "2026.01.10"]

1. e4 c6 2. d4 d5 3. e5 Bf5 4. h4 h6 5. g4 Be4 6. f3 Bh7 7. e6 c5 8. Ne2 Nc6 9.
dxc5 fxe6 10. Nf4 Qd7 11. Bd3 O-O-O 12. Nc3 Nf6 13. Bxh7 Rxh7 14. Ng6 e5 15. Qe2
e4 16. fxe4 Nd4 17. Qf2 dxe4 18. Ne5 Qe6 19. Bf4 g5 20. Bg3 Nxg4 21. Nxg4 Qxg4
22. Rd1 e3 23. Qg2 Nxc2+ 0-1

[Event "Tata Steel India Blitz"]
[Site "Kolkata IND"]
[Date "2026.01.11"]
[Round "18.4"]
[White "Erigaisi, Arjun"]
[Black "Vidit, Santosh Gujrathi"]
[Result "1/2-1/2"]
[WhiteTitle "GM"]
[BlackTitle "GM"]
[WhiteElo "2775"]
[BlackElo "2708"]
[WhiteFideId "35009192"]
[BlackFideId "5029465"]
[EventDate "2026.01.10"]

1. d4 Nf6 2. c4 e6 3. Nc3 Bb4 4. Nf3 d5 5. Qa4+ Nc6 6. a3 Bxc3+ 7. bxc3 O-O 8.
Bg5 h6 9. Bh4 Ne7 10. cxd5 g5 11. Bg3 exd5 12. e3 c6 13. Ne5 Ne4 14. f3 Nxg3 15.
hxg3 Kg7 16. g4 f6 17. Nd3 f5 18. gxf5 Nxf5 19. Kf2 Nd6 20. Ne5 Bf5 21. Qb4 Qf6
22. Be2 Rac8 23. Rac1 b6 24. a4 c5 25. Qb3 Be6 26. a5 cxd4 27. exd4 Ne4+ 28. Ke1
Qf4 29. Qa3 Qd2+ 30. Kf1 Rc7 31. Rxh6 Qe3 32. Rg6+ Kh7 33. Rh6+ Kg7 34. Rg6+ Kh7
35. Rh6+ Kg8 36. Rh8+ Kxh8 37. Qxf8+ Kh7 38. fxe4 Qxc1+ 39. Kf2 dxe4 40. Qe8
Qf4+ 41. Kg1 Bf7 42. Nxf7 Rxf7 43. Bc4 Qf2+ 44. Kh2 Qh4+ 45. Kg1 Qe1+ 46. Kh2
Qh4+ 47. Kg1 Qf2+ 48. Kh2 Qh4+ 49. Kg1 Qe1+ 50. Kh2 Qh4+ 51. Kg1 Rg7 1/2-1/2

[Event "Tata Steel India Blitz"]
[Site "Kolkata IND"]
[Date "2026.01.11"]
[Round "18.5"]
[White "Anand, Viswanathan"]
[Black "Murzin, Volodar"]
[Result "1-0"]
[WhiteTitle "GM"]
[BlackTitle "GM"]
[WhiteElo "2743"]
[BlackElo "2652"]
[WhiteFideId "5000017"]
[BlackFideId "44155573"]
[EventDate "2026.01.10"]

1. e4 c6 2. d4 d5 3. exd5 cxd5 4. Bd3 Nf6 5. c3 Bg4 6. Ne2 e6 7. h3 Bh5 8. Qb3
Qc8 9. Nf4 Bg6 10. Nxg6 hxg6 11. Bf4 Nc6 12. Nd2 Nh5 13. Bh2 g5 14. Nf3 Nf4 15.
Bxf4 gxf4 16. O-O Bd6 17. c4 dxc4 18. Bxc4 O-O 19. Rac1 Na5 20. Qd3 Qd8 21. Bb5
a6 22. Ba4 b5 23. Bc2 g6 24. h4 Nc6 25. Bb3 Ne7 26. Rfe1 Nf5 27. h5 gxh5 28. d5
Bb4 29. Red1 Ng7 30. dxe6 fxe6 31. Qe4 Qe7 32. Ne5 Bc5 33. Ng6 Qg5 34. Nxf8 Rxf8
35. Bxe6+ Kh8 36. Rd5 Bxf2+ 37. Kxf2 Qg3+ 38. Kg1 f3 39. Bh3 f2+ 40. Kf1 Qh2 41.
Ke2 Re8 42. Rc8 Rxc8 43. Bxc8 Qc7 44. Qd4 Qc2+ 45. Kf1 Kh7 46. Qd3+ 1-0